书目信息 |
| 题名: |
时尚的精髓
|
|
| 作者: | (美) 琼·德让 著 | |
| 分册: | ||
| 出版信息: | 北京 生活·读书·新知三联书店 2020.4 |
|
| 页数: | 236页 | |
| 开本: | 23cm | |
| 丛书名: | 新知文库 | |
| 单 册: | ||
| 中图分类: | K565.3 | |
| 科图分类: | ||
| 主题词: | 法国--中世纪史 | |
| 电子资源: | ||
| ISBN: | 978-7-108-06820-0 | |
| 000 | 01146nam0 2200241 450 | |
| 001 | 2150676022 | |
| 005 | 20210103140510.24 | |
| 010 | @a978-7-108-06820-0@dCNY38.00 | |
| 100 | @a20200617d2020 em y0chiy0110 ea | |
| 101 | 0 | @achi |
| 102 | @aCN@b110000 | |
| 105 | @ay z 000yy | |
| 200 | 1 | @a时尚的精髓@9shi shang de jing sui@f(美) 琼·德让著 |
| 210 | @a北京@c生活·读书·新知三联书店@d2020.4 | |
| 215 | @a236页@d23cm | |
| 225 | 2 | @a新知文库 |
| 330 | @a在路易十四执政之前,法国贫穷、肮脏,盗匪猖獗;巴黎街道狭隘,铺砌粗糙,整个国家与时尚无缘。半个世纪后,法国已成为西方世界不容置疑的时尚中心,无论从时装、香水、美食、香槟酒,到家具、室内装潢,镜子、雨伞和街灯,都被当时的人们仰慕和追逐。自那之后的三百余年,法国始终统领着世界的时尚。本书通过丰富的史料和生动的叙述,将这个法国国家形象发生了深刻变化的时代传奇展现给人们;透过这个时代,可以看到对物质享乐的欲望是如何能够成为人类文明进步的推动力,而这一推动力的强大有时并不亚于人类伟大深刻的思想。 | |
| 410 | 0 | @12001 @a新知文库 |
| 606 | 0 | @a法国@x中世纪史 |
| 690 | @aK565.3@v5 | |
| 701 | 0 | @a(美) 琼·德让@9qiong de rang@4著 |
| 801 | 2 | @aCN@b58marc.cn@c20200617 |
| 905 | @aMUSE@dK565.3@e2 | |
| 时尚的精髓/(美) 琼·德让著.-北京:生活·读书·新知三联书店,2020.4 |
| 236页;23cm.-(新知文库) |
| ISBN 978-7-108-06820-0:CNY38.00 |
| 在路易十四执政之前,法国贫穷、肮脏,盗匪猖獗;巴黎街道狭隘,铺砌粗糙,整个国家与时尚无缘。半个世纪后,法国已成为西方世界不容置疑的时尚中心,无论从时装、香水、美食、香槟酒,到家具、室内装潢,镜子、雨伞和街灯,都被当时的人们仰慕和追逐。自那之后的三百余年,法国始终统领着世界的时尚。本书通过丰富的史料和生动的叙述,将这个法国国家形象发生了深刻变化的时代传奇展现给人们;透过这个时代,可以看到对物质享乐的欲望是如何能够成为人类文明进步的推动力,而这一推动力的强大有时并不亚于人类伟大深刻的思想。 |
| ● |
| 相关链接 |
|
|
|
正题名:时尚的精髓
索取号:K565.3/2
 
预约/预借
| 序号 | 登录号 | 条形码 | 馆藏地/架位号 | 状态 | 备注 |
| 1 | 2000876789 | 2000876789 | 第二书库/ [索取号:K565.3/2] | 在馆 | |
| 2 | 2000876790 | 2000876790 | 第二书库/ [索取号:K565.3/2] | 在馆 | |
| 3 | 2000876791 | 2000876791 | 第二书库/ [索取号:K565.3/2] | 在馆 |